[Event "ch-LIB"]
[Site "Beirut LIB"]
[Date "2008.06.12"]
[Round "7"]
[White "Khairallah,F"]
[Black "Kassis,A LIB"]
[Result "1-0"]
[WhiteElo "2350"]
[BlackElo "2219"]

1.d4 d5 2.c4 c6 3.Nf3 Nf6 4.Qc2 g6 5.Bf4 Bg7 6.e3 O-O 7.Nc3 a6 8.h3 b5 9.cxd5 cxd5
10.Be2 Bf5 11.Qb3 Nc6 12.O-O Na5 13.Qb4 Re8 14.a4 e5 15.dxe5 Bf8 16.Qd4 Nb3
17.Qd1 Nxa1 18.exf6 b4 19.Nxd5 Ra7 20.Nc7 Nc2 21.Nxe8 Qxe8 22.Nh4 Qxa4 23.Nxf5 gxf5
24.Qd5 b3 25.Qxf5 Nb4 26.Qg4+ Kh8 27.Qc8  1-0

[Event "58th ch-RUS w HL"]
[Site "Chelyabinsk RUS"]
[Date "2008.06.12"]
[Round "9"]
[White "Shaidullina,S"]
[Black "Schepetkova,M"]
[Result "1-0"]
[WhiteElo "2298"]
[BlackElo "2158"]

1.d4 d5 2.Nf3 Nf6 3.c4 c6 4.Qc2 a6 5.Bf4 e6 6.e3 c5 7.Nc3 Nc6 8.dxc5 Bxc5
9.a3 dxc4 10.Rd1 Bd7 11.Bxc4 O-O 12.O-O Qc8 13.b4 Be7 14.Bd3 b5 15.Ne4 Nxe4
16.Bxe4 f5 17.Rxd7 fxe4 18.Rc7 exf3 19.Qxc6 Qe8 20.Qxe6+ Rf7 21.Rfc1 Bf8
22.Qxe8 Rxe8 23.gxf3 Rf5 24.R7c6 Ra8 25.Kg2 a5 26.Rc8 Rxc8 27.Rxc8 axb4 28.axb4 Kf7
29.Rc7+ Kg8 30.Rc8 Kf7 31.Bg3 Bxb4 32.Rc7+ Kf8 33.e4 Rh5 34.e5 Ba3 35.Rb7 b4
36.f4 Rf5 37.e6 Rc5 38.Bh4  1-0

[Event "III GM"]
[Site "Mysliborz POL"]
[Date "2008.06.13"]
[Round "6"]
[White "Brener,I"]
[Black "Urban,K"]
[Result "1/2-1/2"]
[WhiteElo "2423"]
[BlackElo "2465"]

1.Nf3 d5 2.d4 Nf6 3.c4 c6 4.Qc2 g6 5.Bf4 Bf5 6.Qb3 Qb6 7.e3 Bg7 8.Nc3 O-O
9.Be2 Nbd7 10.O-O h6 11.h3 g5 12.Bh2 e6 13.Qa3 a5 14.c5 Qb4 15.Na4 Qxa3 16.bxa3 Bc2
17.Bd1 Bd3 18.Re1 Ne4 19.Rc1 Rfc8 20.Be2 Bb5 21.Bxb5 cxb5 22.Nb6 Nxb6 23.cxb6 Rc4
24.Ne5 Bxe5 25.Bxe5 Nc3 26.Rc2 Ra6 27.Bc7 Na4 28.Rxc4 dxc4 29.Rb1 c3 30.Kf1 Nxb6
31.Bxb6 Rxb6 32.Ke2 Rc6 33.Kd3 b4 34.Kc2 Rc4 35.axb4 axb4 36.Kb3 b5 37.Rc1 f5
38.a3 bxa3 39.Kxa3 e5 40.dxe5 f4 41.exf4 gxf4 42.Kb3 Kf7 43.Rxc3 Rxc3+ 44.Kxc3 Ke6
45.Kb4 Kxe5 46.Kxb5 Kd5 47.h4 h5 48.f3 Kd4 49.Kc6 Ke3 50.Kd5 Kf2 51.Ke4 Kg3
52.Kf5 Kxh4 53.Kxf4  1/2-1/2

[Event "XXVI Balatoni Sakkfesztival GM"]
[Site "Balatonlelle HUN"]
[Date "2008.06.14"]
[Round "1"]
[White "Sammalvuo,T"]
[Black "Gaponenko,I"]
[Result "1-0"]
[WhiteElo "2458"]
[BlackElo "2442"]

1.Nf3 d5 2.d4 Nf6 3.c4 c6 4.Qc2 g6 5.Bf4 Bf5 6.Qb3 Qb6 7.e3 Na6 8.Nc3 Nb4
9.c5 Qa5 10.Rc1 Bc8 11.Be5 Bg7 12.a3 Na6 13.Qa2 Nb8 14.h3 Nbd7 15.b4 Qd8
16.Bh2 O-O 17.Bd3 b6 18.O-O a5 19.Qb2 axb4 20.axb4 bxc5 21.bxc5 Ba6 22.Ne1 Qc8
23.Bxa6 Qxa6 24.Nc2 e5 25.dxe5 Ne8 26.Nb4 Qc8 27.Nd3 Nc7 28.Ne2 Qa6 29.Qd2 Rfe8
30.Nb4 Qa5 31.Nd4 Nxc5 32.Ndxc6 Nb3 33.Qc2 Qa3 34.Rb1 Na1 35.Qd1 Bf8 36.Rxa1 Qc3
37.Rc1  1-0

[Event "ch-Panamerican U20"]
[Site "Cali COL"]
[Date "2008.06.14"]
[Round "8"]
[White "Guerrero,JuC"]
[Black "Paez,D"]
[Result "1-0"]
[WhiteElo "2232"]
[BlackElo "2072"]

1.d4 d5 2.c4 c6 3.Nf3 Nf6 4.g3 dxc4 5.Qc2 e6 6.Bg2 Bd6 7.Qxc4 Nbd7 8.Nc3 O-O
9.Bf4 Qe7 10.Bxd6 Qxd6 11.Rd1 e5 12.O-O exd4 13.Nxd4 Qc5 14.Qb3 Ne5 15.h3 Re8
16.Na4 Qe7 17.Qc2 g6 18.a3 Rb8 19.b4 Be6 20.f4 Nc4 21.Qc1 Bd5 22.Bxd5 cxd5
23.Rf3 Rbc8 24.Nc3 a5 25.b5 Qc5 26.Kh2 Nxa3 27.f5 Kg7 28.fxg6 hxg6 29.Qg5 Nh5
30.Nf5+ Kh7 31.Rxd5 Qc7 32.Nd6 f6 33.Qd2 Nc4 34.Qd3 Nxd6 35.Rxh5+ Kg7 36.Rxf6 Ne4
37.Nxe4 Rxe4 38.Qxe4 Kxf6 39.Qd4+ Ke6 40.Rg5 Kf7 41.Rd5  1-0

[Event "IM"]
[Site "Danang VIE"]
[Date "2008.06.15"]
[Round "7"]
[White "Hoang Canh Huan"]
[Black "Nguyen Hoang Nam"]
[Result "1/2-1/2"]
[WhiteElo "2337"]
[BlackElo "2294"]

1.d4 Nf6 2.c4 c6 3.Nf3 d5 4.g3 e6 5.Bg2 Nbd7 6.Nbd2 Be7 7.O-O b6 8.b3 Bb7
9.Bb2 O-O 10.Ne5 Rc8 11.Rc1 Rc7 12.a3 dxc4 13.Ndxc4 Qa8 14.b4 c5 15.Bxb7 Qxb7
16.b5 Nxe5 17.Nxe5 Nd7 18.Nc6 Bf6 19.e4 Nb8 20.e5 Bg5 21.f4 Bh6 22.Nxb8 Rxb8
23.a4 Rd8 24.Qf3 cxd4 25.Qxb7 Rxb7 26.Bxd4 Rbd7 27.Be3 Rd3 28.Kf2 g6 29.Rc7 R3d7
30.Rfc1 Bf8 31.R1c4 Bc5 32.Rxd7 Bxe3+ 33.Kxe3 Rxd7 34.Rc8+ Kg7 35.g4 f6 36.exf6+ Kxf6
37.g5+ Kf7 38.Ke4 Ke7 39.Rc6 Kf7 40.h4 Ke7 41.Rc8 Kf7 42.Rc1 Ke7 43.h5 gxh5
44.Rh1 Kd6 45.Rxh5 Rf7 46.Rh6 Ke7 47.Rh1 Kd6 48.Rc1 Kd7 49.a5 bxa5 50.Rc6 Rf5
51.Ra6 Rxb5 52.Rxa7+ Kd6 53.Rxh7 Rb1 54.Ra7 Ra1 55.g6 Re1+ 56.Kf3 Rg1 57.g7 a4
58.Kf2 Rg4 59.Kf3 Rg1 60.Ke4 a3 61.Rxa3 Rxg7  1/2-1/2

[Event "Open"]
[Site "Teplice CZE"]
[Date "2008.06.17"]
[Round "4"]
[White "Loktiev,I"]
[Black "Dolezal,Ra2"]
[Result "1-0"]
[WhiteElo "2327"]
[BlackElo "2023"]

1.d4 d5 2.c4 c6 3.Nf3 Nf6 4.Qc2 g6 5.Bf4 Bg7 6.e3 Bf5 7.Qc1 Nbd7 8.Nc3 a6
9.cxd5 cxd5 10.h3 Rc8 11.Nd2 Ne4 12.g4 Nxd2 13.Qxd2 Be4 14.Nxe4 dxe4 15.Bg2 f5
16.gxf5 gxf5 17.f3 e5 18.dxe5 Qh4+ 19.Ke2 Nxe5 20.Bxe5 Bxe5 21.Rhd1 Qe7 22.f4 Rg8
23.Kf1 Bb8 24.Rac1 Rd8 25.Qxd8+ Qxd8 26.Rxd8+ Kxd8 27.Rc5 Rf8 28.h4 Ba7 29.Rd5+ Ke7
30.Kf2 Bb8 31.Bh3 Ke6 32.Rd4 Ke7 33.Rb4 b5 34.a4 Bd6 35.Rd4 h6 36.axb5 axb5
37.Rd5 Rc8 38.Rxb5 Rc2+ 39.Kg3 Bc5 40.Bxf5 Bxe3 41.Bxe4 Rd2 42.h5 Kf6 43.b4 Bf2+
44.Kf3 Bg1 45.Rd5 Rxd5 46.Bxd5 Bb6 47.Ke4 Bc7 48.b5 Bb6 49.Bg8 Bc7 50.f5 Kg7
51.Be6 Kf6 52.Kd5 Kg5 53.Bd7 Kxh5 54.Ke6 Kg5 55.f6 Kg6 56.Be8+ Kh7 57.Bh5 Bb6
58.Kd7 Bd4 59.f7  1-0

[Event "Open"]
[Site "Teplice CZE"]
[Date "2008.06.17"]
[Round "4"]
[White "Pertlova,S"]
[Black "Skala,K"]
[Result "1-0"]
[WhiteElo "2159"]
[BlackElo "1909"]

1.d4 d5 2.c4 Nf6 3.Nf3 c6 4.g3 e6 5.Bg2 Bd6 6.Qc2 O-O 7.O-O Re8 8.Rd1 dxc4
9.Qxc4 Nbd7 10.Nc3 Qe7 11.e4 e5 12.h3 exd4 13.Nxd4 Nb6 14.Qd3 Bb4 15.Bf4 Bxc3
16.Qxc3 Rd8 17.Nb3 Be6 18.Nc5 h6 19.b3 Rac8 20.Qa5 Ra8 21.Kh2 Rxd1 22.Rxd1 Nc4
23.bxc4 b6 24.Bd6 Qe8 25.Qa4 bxc5 26.e5 Nd7 27.Bxc6 Rc8 28.Bb7 Nb6 29.Qxa7 Qd7
30.Qxb6 Rb8 31.Bxb8 Qxd1  1-0

[Event "Open"]
[Site "Teplice CZE"]
[Date "2008.06.20"]
[Round "7"]
[White "Luch,M"]
[Black "Bartos,J"]
[Result "1-0"]
[WhiteElo "2383"]
[BlackElo "2192"]

1.d4 d5 2.Nf3 Nf6 3.c4 c6 4.Qb3 dxc4 5.Qxc4 g6 6.Nc3 Bg7 7.e4 O-O 8.e5 Nd5
9.Qb3 a5 10.Be2 Nb6 11.O-O Be6 12.Qd1 f6 13.Bf4 N8d7 14.Qc1 Nd5 15.Bh6 fxe5
16.dxe5 Qc7 17.Re1 Nxc3 18.bxc3 Bd5 19.Bxg7 Kxg7 20.c4 Bxf3 21.Bxf3 e6 22.Qc3 Rad8
23.Rad1 Rf7 24.c5 Nf8 25.Rd6 Re8 26.g3 Rfe7 27.h4 h6 28.Be4 Ra8 29.a4 Qc8
30.Rb1 Qe8 31.Rb3 Qf7 32.Qd2 Kh7 33.h5 Qg7 34.Rd8 Rxd8 35.Qxd8 Rd7 36.Qb8 Qe7
37.Rf3 Kg7 38.hxg6 Nxg6 39.Bxg6 Kxg6 40.Qg8+ Kh5 41.Rf4  1-0

[Event "22th Open"]
[Site "Pula CRO"]
[Date "2008.06.21"]
[Round "1"]
[White "Bartl,U"]
[Black "Rogic,D"]
[Result "0-1"]
[WhiteElo "2037"]
[BlackElo "2475"]

1.d4 d5 2.c4 c6 3.Nf3 Nf6 4.Qb3 dxc4 5.Qxc4 Bf5 6.Nc3 e6 7.Bg5 Be7 8.e3 Qb6
9.Bd3 Bxd3 10.Qxd3 Qxb2 11.Rb1 Qa3 12.Rb3 Qa5 13.Bxf6 gxf6 14.Rxb7 Bb4 15.Kd2 Qxa2+
16.Qc2 Bxc3+ 17.Kxc3 Qxc2+ 18.Kxc2 O-O 19.Rc7 Na6 20.Rd7 Nb4+ 21.Kd2 Rfd8
22.Rxd8+ Rxd8 23.Ra1 Rd7 24.e4 f5 25.exf5 exf5 26.Ra5 f4 27.Kc3 Rb7 28.Kc4 Nd5
29.Kc5 Ne7 30.Kd6 Kf8 31.Ne5 Ke8 32.Ra6 Rb5 33.Kc7 Rb4 34.Rxa7 Kf8 35.Kd8 f6
36.Rxe7 fxe5 37.Rxe5 Rxd4+ 38.Kc7 Kg7 39.Kxc6 Rd2 40.Rg5+ Kf6 41.Rg8 Rxf2
42.Kd5 Re2 43.h4 Kf5 44.Rg5+ Kf6 45.Rg8 h6 46.g3 fxg3 47.Rxg3 Kf5 48.Rf3+ Kg4
49.Rf6 h5 50.Rg6+ Kxh4 51.Kd4 Kh3 52.Kd3 Re8 53.Rg7 h4 54.Rg6 Kh2 55.Rg7 h3
56.Rg6 Re1 57.Rc6 Kg3 58.Rg6+ Kf4 59.Rh6 Kg4 60.Rg6+ Kh5 61.Rg8 Re6 62.Rg1 Kh4
63.Rg8 Rh6 64.Rg1 h2 65.Rh1 Kg3  0-1

[Event "8th TCh-Euro U18 Girls"]
[Site "Szeged HUN"]
[Date "2008.06.21"]
[Round "7"]
[White "Vojinovic,J"]
[Black "Hitter,G"]
[Result "1-0"]
[WhiteElo "2217"]
[BlackElo "2073"]

1.d4 d5 2.c4 c6 3.Nf3 Nf6 4.Qc2 g6 5.Bf4 Bg7 6.e3 Bf5 7.Qb3 Qc8 8.Nc3 dxc4
9.Bxc4 O-O 10.Ne5 Be6 11.Bxe6 fxe6 12.Rc1 Nd5 13.Bg3 Nd7 14.Nf3 N7f6 15.Na4 Ne4
16.Qd3 Nxg3 17.hxg3 Rf6 18.a3 Qc7 19.Nc5 b6 20.Ne4 Raf8 21.Nxf6+ exf6 22.Qc4 Rc8
23.e4 b5 24.Qa2 Nb6 25.Qxe6+ Kh8 26.Nh4  1-0

[Event "Open"]
[Site "Teplice CZE"]
[Date "2008.06.21"]
[Round "8"]
[White "Pertlova,S"]
[Black "Dolezal,Ra2"]
[Result "1/2-1/2"]
[WhiteElo "2159"]
[BlackElo "2023"]

1.d4 d5 2.c4 c6 3.Nf3 Nf6 4.g3 e6 5.Bg2 Nbd7 6.O-O b6 7.Qc2 Bb7 8.Nbd2 Bd6
9.e4 dxe4 10.Ng5 c5 11.Ngxe4 Nxe4 12.Nxe4 Be7 13.dxc5 bxc5 14.Nd6+ Bxd6 15.Bxb7 Rb8
16.Bg2 Qc7 17.f4 O-O 18.b3 Rbd8 19.Bb2 Be7 20.Rad1 Bf6 21.Bxf6 Nxf6 22.Rxd8 Rxd8
23.Rd1 Rxd1+ 24.Qxd1 Qd7 25.Qxd7 Nxd7 26.Kf2 Kf8 27.Ke3 Ke7 28.Kd3 Kd6 29.Kc3 a5
30.a3 f6 31.b4 axb4+ 32.axb4 cxb4+ 33.Kxb4 g5 34.fxg5 fxg5 35.Kc3 Kc5 36.Bh3 Kd6
37.Kd4 Nc5 38.Bg4 Nb3+ 39.Kc3 Nc5 40.Kd4 Nb3+ 41.Ke4 Nc5+ 42.Ke3 Ke5 43.Be2 h6
44.Bd3 Nd7 45.Bh7 Nf6 46.Bg6 Ng4+ 47.Ke2 Nxh2 48.Bh5 Kd4 49.Kf2 g4 50.Kg2 Nf3
51.Bxg4 Ng5 52.Be2 e5 53.Kf2 e4 54.g4 Ne6 55.Bf1 Nc5 56.Kg3 Ke3 57.Bg2 Ne6
58.Kh4 Kd4 59.Bxe4 Kxe4 60.Kh5  1/2-1/2

[Event "Open"]
[Site "Teplice CZE"]
[Date "2008.06.22"]
[Round "9"]
[White "Jirka,J"]
[Black "Straka,Jo"]
[Result "1-0"]
[WhiteElo "2400"]
[BlackElo "2078"]

1.d4 d5 2.Nf3 Nf6 3.g3 c6 4.c4 Bf5 5.Nc3 e6 6.Nh4 Be4 7.f3 Bg6 8.Qb3 Qb6
9.Nxg6 hxg6 10.c5 Qxb3 11.axb3 Nbd7 12.b4 e5 13.e3 e4 14.fxe4 Nxe4 15.Nxe4 dxe4
16.b5 g5 17.bxc6 bxc6 18.b4 Rb8 19.Bd2 Nf6 20.Rxa7 Ng4 21.h3 f5 22.Be2 Nf6
23.O-O g6 24.Kg2 Nd5 25.Bc4 Bh6 26.Bxd5 cxd5 27.b5 O-O 28.b6 f4 29.gxf4 gxf4
30.exf4 Rbe8 31.Be3 Rf5 32.b7  1-0

[Event "Serbia Cup"]
[Site "Zlatibor SRB"]
[Date "2008.06.22"]
[Round "7"]
[White "Jeremic,V"]
[Black "Stamenkovic,A"]
[Result "1/2-1/2"]
[WhiteElo "2503"]
[BlackElo "2265"]

1.d4 d5 2.c4 c6 3.Nf3 Nf6 4.Qc2 dxc4 5.Qxc4 Bf5 6.g3 e6 7.Bg2 Nbd7 8.O-O Be7
9.Nc3 O-O 10.Re1 Ne4 11.Qb3 Qb6 12.Nh4 Bxh4 13.gxh4 Nef6 14.Qxb6 axb6 15.Bf4 Rfe8
16.Bd6 h6 17.e4 Bg6 18.f3 e5 19.Red1 Re6 20.dxe5 Nxe5 21.b3 Bh5 22.Bxe5 Rxe5
23.Rd3 g5 24.hxg5 hxg5 25.Rad1 Kf8 26.R1d2 b5 27.h4 gxh4 28.f4 Rc5 29.e5 Ne8
30.Rh3 Bg6 31.Ne2 Rc2 32.Rxc2 Bxc2 33.Rxh4 Rxa2 34.Rh8+ Ke7 35.Nd4 Rb2 36.Bh3 Be4
37.e6 fxe6 38.Nxe6 b6 39.Ng5 Bd5 40.Rh7+ Kd6 41.Rh6+ Kc5 42.Ne6+ Kb4 43.Nd8 c5
44.Bd7 Nc7 45.Rxb6 Rxb3 46.f5 c4 47.Ne6 Bxe6 48.fxe6 Ka5 49.Rb7 Nxe6 50.Bxe6 Re3
51.Bd7 Re5 52.Kf2 Kb4 53.Bg4 Kc3 54.Be2 b4 55.Rc7 Re4 56.Bf3 Rf4 57.Ke3 Rh4
58.Be4 b3 59.Rc8 Rh3+ 60.Ke2 Rh2+ 61.Ke3 Rh4 62.Rc7 Rh3+ 63.Ke2 Kd4 64.Bf5 Rh2+
65.Kf3 Rh1 66.Ke2 Kc3 67.Be4 Rc1 68.Rc8 Ra1 69.Bd5 Ra4 70.Rb8 Ra2+ 71.Ke3 Rh2
72.Rc8 Rh4 73.Be4 Rg4 74.Rc7 Rg5 75.Rc8 Rb5 76.Bd3 Re5+ 77.Be4 Rb5 78.Bd3 Rb4
79.Rc7 b2 80.Bb1 Rb6 81.Rc8 Re6+ 82.Kf2 Rh6 83.Rb8 Rh1 84.Be4 Rh2+ 85.Ke3 Rd2
86.Rb7 Rd1 87.Ke2 Rd6 88.Ke3 Ra6 89.Rb8 Ra3 90.Rb7 Ra1 91.Ke2 Ra6 92.Ke3 Rh6
93.Bf5 Rh1 94.Ke2  1/2-1/2

[Event "12th North American FIDE Inv"]
[Site "Chicago USA"]
[Date "2008.06.24"]
[Round "6"]
[White "Dean,J"]
[Black "Young,A PHI"]
[Result "1/2-1/2"]
[WhiteElo "2248"]
[BlackElo "2381"]

1.d4 d5 2.c4 c6 3.Nf3 Nf6 4.Qc2 e6 5.g3 Nbd7 6.Bg2 Bb4+ 7.Nbd2 Ne4 8.O-O f5
9.a3 Bd6 10.b4 a5 11.b5 O-O 12.Bb2 cxb5 13.cxb5 Nb6 14.Ne5 Nxd2 15.Qxd2 Bxe5
16.dxe5 Nc4 17.Qd4 Nxb2 18.Qxb2 Qb6 19.a4 Bd7 20.e3 Rac8 21.Rac1 Rxc1 22.Rxc1 Rc8
23.Rxc8+ Bxc8 24.Qc3 Bd7 25.Kf1 Kf7 26.Ke2 Ke8 27.Kd3 Kd8 28.h4 h6 29.Bf3 Be8
30.Qd4 Qxd4+ 31.Kxd4 b6  1/2-1/2

[Event "White Nights Open"]
[Site "St Petersburg RUS"]
[Date "2008.06.28"]
[Round "8"]
[White "Serov,M"]
[Black "Solovjov,S"]
[Result "1/2-1/2"]
[WhiteElo "2295"]
[BlackElo "2440"]

1.d4 d5 2.Nf3 Nf6 3.c4 c6 4.Qc2 dxc4 5.Qxc4 e6 6.Bg5 Be7 7.Nbd2 Qa5 8.e3 Nbd7
9.Bd3 h6 10.Bxf6 Bxf6 11.O-O O-O 12.b4 Qc7 13.b5 Nb6 14.Qc2 Bd7 15.Ne4 Rac8
16.a4 Nd5 17.Rfc1 Nb4 18.Qd2 Nxd3 19.Qxd3 Be7 20.Ne5 Rfd8 21.bxc6 Bxc6 22.Nxc6 bxc6
23.Rc4 e5 24.Rac1 exd4 25.exd4 Qd7 26.h3 Qd5 27.Nc3 Qe6 28.Ne4 Bf8 29.Qc2 Re8
30.Ng3 Ba3 31.Ra1 Be7 32.Rb1 Bf6 33.Nf5 Bg5 34.h4 Bf6 35.g3 g6 36.Ne3 Bg7
37.Rc1 Qh3 38.Rxc6 Rcd8 39.Qb3 Rb8 40.Qd3 h5 41.Rc7 Bh6 42.Qf1 Qe6 43.Re1 Qd6
44.Qc4 Re6 45.Rxa7 Rd8 46.Qc5 Qxd4 47.Qxd4 Rxd4 48.Nc2 Rxe1+ 49.Nxe1 Rd1
50.Kf1 Bf8 51.Ke2 Ra1 52.Nd3 Ra2+ 53.Ke3 Ra3 54.Ra8 Kg7 55.a5 Bc5+ 56.Ke4 Be7
57.Nf4 Bc5 58.Nd3 Be7 59.Nf4 Bc5 60.Nd3 Be7  1/2-1/2

[Event "Svein Johannessen Mem"]
[Site "Oslo NOR"]
[Date "2008.06.29"]
[Round "4"]
[White "Ogaard,L"]
[Black "Bjerke,R"]
[Result "1/2-1/2"]
[WhiteElo "2414"]
[BlackElo "2209"]

1.d4 d5 2.c4 c6 3.Nf3 Nf6 4.Qc2 dxc4 5.e4 Bg4 6.Bxc4 e6 7.Be3 Nbd7 8.Nc3 Be7
9.Nd2 Bh5 10.f3 Bg6 11.Qb3 b5 12.Be2 a6 13.a4 O-O 14.O-O b4 15.Na2 c5 16.Rfc1 cxd4
17.Bxd4 Nc5 18.Qe3 Nxa4 19.b3 Nc3 20.Nxc3 bxc3 21.Bxc3 Nd7 22.Ra5 Rc8 23.Kf1 Qxa5
24.Bxa5 Rxc1+ 25.Bd1 Rxd1+ 26.Ke2 Ra1 27.Bc3 Ra2 28.Qa7 Bf6 29.Bxf6 Nxf6
30.Ke3 h6 31.g4 Rd8 32.Nc4 Rd1 33.h4 h5 34.gxh5 Bxh5 35.Ne5 Ra3 36.Qb8+ Kh7
37.Qb4 Ra2 38.Qb7 Rb2 39.Kf4 a5 40.Nxf7 Bxf7 41.Qxf7 Rh1 42.Qxe6 Rxh4+ 43.Kg3 Rh5
44.e5 Re2 45.f4 Ne4+ 46.Kf3 Rhh2 47.Qf5+ Kh6 48.Qc8 Kh7 49.Qf5+ Kh6 50.Qc8 Kh7  1/2-1/2

[Event "Svein Johannessen Mem"]
[Site "Oslo NOR"]
[Date "2008.07.01"]
[Round "8"]
[White "Ogaard,L"]
[Black "Omtvedt,P"]
[Result "1-0"]
[WhiteElo "2414"]
[BlackElo "2138"]

1.Nf3 d5 2.d4 Nf6 3.c4 c6 4.Qc2 g6 5.Bf4 Bg7 6.e3 O-O 7.Nc3 e6 8.h3 b6 9.Rc1 Bb7
10.cxd5 Nxd5 11.Nxd5 Qxd5 12.Bc4 Qa5+ 13.Ke2 Nd7 14.Bd6 Rfe8 15.b4 Qf5 16.Qxf5 gxf5
17.g4 fxg4 18.hxg4 h6 19.Bf4 e5 20.dxe5 Nxe5 21.Bxe5 Bxe5 22.Nxe5 Rxe5 23.Rxh6 c5
24.Bxf7+ Kg7 25.Re6 Ba6+ 26.Kf3 Rxe6 27.Bxe6 cxb4 28.Rc7+ Kf6 29.Bd5  1-0

[Event "ch-PHI Finals"]
[Site "Mandaluyong PHI"]
[Date "2008.07.02"]
[Round "2"]
[White "Nadera,B"]
[Black "Gomez,Joh"]
[Result "0-1"]
[WhiteElo "2401"]
[BlackElo "2457"]

1.d4 d5 2.c4 c6 3.Nf3 Nf6 4.Qc2 dxc4 5.Qxc4 Bf5 6.Nc3 Nbd7 7.g3 e6 8.Bg2 Be7
9.O-O Ne4 10.e3 O-O 11.Qe2 Qa5 12.Bd2 Nxd2 13.Nxd2 Bg6 14.a3 Nf6 15.h3 Nd5
16.Rfc1 Nxc3 17.Rxc3 Rfd8 18.Rac1 Qc7 19.b4 a6 20.Nb3 Bd6 21.f4 f6 22.Kh2 Qe7
23.Qf2 Bf7 24.Na5 e5 25.dxe5 fxe5 26.Qc2 exf4 27.exf4 Re8 28.Rd1 Rad8 29.Rcd3 Bg6
30.Qa2+ Bf7 31.Qf2 Bh5 32.Qa2+ Kh8 33.R1d2 Bf7 34.Qb2 Bc7 35.Nxb7 Rxd3 36.Rxd3 Bxf4
37.Bxc6 Bc1 38.Qg2 Rf8 39.Nc5 Bc4 40.Rf3 Rd8 41.Ne4 Rc8  0-1

[Event "IV Open"]
[Site "Sort ESP"]
[Date "2008.07.02"]
[Round "10"]
[White "Burmakin,V"]
[Black "Gongora Reyes,M"]
[Result "1-0"]
[WhiteElo "2615"]
[BlackElo "2422"]

1.d4 d5 2.c4 c6 3.Nf3 Nf6 4.Qb3 dxc4 5.Qxc4 Bg4 6.Nbd2 Nbd7 7.g3 e6 8.Bg2 Be7
9.O-O O-O 10.Qb3 Nb6 11.e3 Bh5 12.Nc4 Nxc4 13.Qxc4 Qd5 14.Qe2 a6 15.h3 Qb5
16.Re1 Bb4 17.Bd2 Qxe2 18.Rxe2 Bxd2 19.Rxd2 Bxf3 20.Bxf3 Rfd8 21.Rc2 Nd5
22.Rb1 a5 23.a3 Kf8 24.b4 axb4 25.axb4 Nc7 26.Be2 Rd7 27.b5 Nxb5 28.Bxb5 cxb5
29.Rxb5 Ke7 30.g4 Kd8 31.Kg2 Rc8 32.Rcb2 Rcc7 33.Kf3 Kc8 34.Rg5 f6 35.Ra5 Kd8
36.Ke4 Rc1 37.h4 h6 38.Ra7 Kc8 39.Ra8+ Kc7 40.Re8 Rh1 41.h5 f5+ 42.gxf5 exf5+
43.Ke5 Rxh5 44.Rc2+ Kb6 45.Ke6 Rc7 46.Rxc7 Kxc7 47.d5  1-0

[Event "Ladoga Summer"]
[Site "Novaya Ladoga RUS"]
[Date "2008.07.03"]
[Round "3"]
[White "Hamitevici,V"]
[Black "Sysolyatin,E"]
[Result "1-0"]
[WhiteElo "2347"]
[BlackElo "2335"]

1.d4 d5 2.Nf3 Nf6 3.c4 c6 4.Qc2 g6 5.Nc3 Bg7 6.Bf4 dxc4 7.e4 b5 8.a4 b4 9.Nb1 b3
10.Qxc4 Ba6 11.Qc1 Bxf1 12.Kxf1 O-O 13.Nbd2 Nbd7 14.Qxc6 Rc8 15.Qb5 e5 16.dxe5 Ng4
17.Rd1 Rb8 18.Qd5 Qb6 19.Bg3 Ndxe5 20.Nxe5 Bxe5 21.Nc4 Qa6 22.Kg1 Bxg3 23.hxg3 Qf6
24.f3 Rbd8 25.Nd6 Ne3 26.Qd4 Rxd6 27.Qxd6 Qxb2 28.Rd2 Qc1+ 29.Kh2 b2 30.Qd4 Nc2
31.Rxc1 bxc1=Q 32.Qc3 Qa1 33.Qxc2 Rb8 34.Qc7 Rb1 35.Qd8+ Kg7 36.Qd4+ Kg8
37.Qxa1 Rxa1 38.Rd4 h5 39.e5 a5 40.Rc4 Kg7 41.f4 Kf8 42.g4 hxg4 43.Kg3 Ra2
44.Rc7 Rxa4 45.Kxg4 Re4 46.Ra7 a4 47.g3 Kg7 48.Kf3 Re1 49.Rxa4 Rf1+ 50.Kg4 Re1
51.Ra7 Re2 52.Kg5 Re3 53.g4 Re1 54.Rd7 Re2 55.Ra7 Re1 56.Ra5 Re2 57.Kh4 Re1
58.f5 gxf5 59.gxf5 Rf1 60.Kg5 Rg1+ 61.Kf4 Rf1+ 62.Ke4 Re1+ 63.Kd5 Rf1 64.f6+ Kg6
65.Kd6 Rd1+ 66.Rd5 Ra1 67.Ke7 Ra7+ 68.Rd7 Ra5 69.e6 Re5 70.Rd6 Ra5 71.Rd1 fxe6
72.Rg1+ Kf5 73.Rf1+ Ke5 74.f7 Ra7+ 75.Ke8 Ra8+ 76.Kd7 Kd5 77.Rd1+ Ke5 78.Ke7 Rh8
79.Re1+ Kf5 80.Rxe6  1-0

[Event "XVII Burgas Open"]
[Site "Ourense ESP"]
[Date "2008.07.04"]
[Round "2"]
[White "Hoffman,A"]
[Black "Carril Garcia,L"]
[Result "1-0"]
[WhiteElo "2445"]
[BlackElo "2034"]

1.d4 d5 2.c4 c6 3.Nf3 Nf6 4.Qc2 g6 5.Bf4 Bg7 6.e3 O-O 7.Nc3 Bf5 8.Qb3 Bc8
9.h3 Qa5 10.Nd2 Na6 11.Be2 Qb4 12.Qc2 Bf5 13.Qc1 c5 14.a3 Qb6 15.Be5 dxc4
16.d5 Ne8 17.Nxc4 Qd8 18.Bxg7 Kxg7 19.e4 Bd7 20.h4 h5 21.Ne5 Nf6 22.Qg5 Nc7
23.Rd1 Nce8 24.Nd3 c4 25.Nf4 Nh7 26.Qg3 Qb6 27.Rd2 Kh8 28.Bxc4 Nd6 29.Bd3 Rac8
30.O-O Nc4 31.Bxc4 Rxc4 32.Kh2 Nf6 33.f3 Rfc8 34.Rfd1 a5 35.e5 Ng8 36.e6 Be8
37.d6 exd6 38.exf7 Bxf7 39.Rxd6 R8c6 40.Nxg6+ Bxg6 41.Qe5+ Kh7 42.Rd7+  1-0

[Event "ch-PHI Finals"]
[Site "Mandaluyong PHI"]
[Date "2008.07.05"]
[Round "6"]
[White "Nadera,B"]
[Black "Paragua,M"]
[Result "1/2-1/2"]
[WhiteElo "2401"]
[BlackElo "2523"]

1.d4 d5 2.Nf3 Nf6 3.c4 c6 4.Qc2 dxc4 5.Qxc4 Bf5 6.Nc3 Nbd7 7.g3 e6 8.Bg2 Be7
9.O-O O-O 10.e3 b5 11.Qb3 b4 12.Na4 Be4 13.Bd2 c5 14.dxc5 Nxc5 15.Nxc5 Bxc5
16.Rfc1 Bd5 17.Qa4 Qb6 18.Qd1 Rfd8 19.Qe2 Rac8 20.Be1 Qb7 21.a3 bxa3 22.bxa3 Ne4
23.Ba5 Bb6 24.Bb4 a5 25.Be1 Nc5 26.Rab1 Nb3 27.Rd1 a4 28.Bb4 h6 29.h4 Qc7
30.Ne1 Bxg2 31.Nxg2  1/2-1/2

[Event "World Open"]
[Site "Philadelphia USA"]
[Date "2008.07.06"]
[Round "8"]
[White "Bartell,T"]
[Black "Khachiyan,M"]
[Result "0-1"]
[WhiteElo "2391"]
[BlackElo "2504"]

1.Nf3 Nf6 2.c4 c6 3.d4 d5 4.Qc2 Ne4 5.e3 Bf5 6.Bd3 e6 7.O-O Nd7 8.b3 Bd6
9.Bb2 O-O 10.Nbd2 Nxd2 11.Nxd2 Bxd3 12.Qxd3 f5 13.g3 Qe8 14.f3 Qg6 15.Rf2 Nf6
16.Rg2 Rae8 17.g4 fxg4 18.Qxg6 hxg6 19.fxg4 Bb4 20.Nf1 Ne4 21.Ng3 Ng5 22.Re2 Bd6
23.Kg2 Bxg3 24.Kxg3 Ne4+ 25.Kg2 Rf6 26.Ba3 g5 27.Bb4 Kf7 28.Rf1 Rh8 29.Ree1 a5
30.Bc5 Ra8 31.a4 Nd2 32.Rxf6+ gxf6 33.cxd5 exd5 34.Re2 Nxb3 35.Rb2 Nxc5 36.dxc5 Rb8
37.Kf3 Ke6 38.Ke2 Rh8 39.Rxb7 Rxh2+ 40.Kd3 Rh4 41.Rc7 Rxg4 42.Rxc6+ Ke5 43.Rc8 Rxa4
44.Re8+ Kf5 45.Rd8 Ke6 46.c6 Rc4 47.e4 Rxc6 48.exd5+ Ke7 49.Ra8 Rc1 50.Rxa5 Kd6
51.Kd4 Rd1+ 52.Ke4 Re1+ 53.Kd4 f5 54.Ra6+ Ke7 55.Rg6 g4 56.Kc5 Rc1+ 57.Kd4 Kf7
58.Re6 g3 59.Re2 f4 60.Ke4 Rf1  0-1

[Event "ch-NOR Elite"]
[Site "Tonsberg NOR"]
[Date "2008.07.06"]
[Round "2"]
[White "Urkedal,F"]
[Black "Thomassen,J"]
[Result "1-0"]
[WhiteElo "2254"]
[BlackElo "2350"]

1.d4 d5 2.c4 c6 3.Nf3 Nf6 4.Qb3 e6 5.Bg5 Be7 6.Nbd2 Nbd7 7.e3 O-O 8.Be2 b6
9.cxd5 exd5 10.O-O Bb7 11.Rac1 Re8 12.h3 Bd6 13.Bd3 Qc7 14.Qc2 h6 15.Bxf6 Nxf6
16.Rfe1 Re7 17.Nh4 Re6 18.Bf5 Ree8 19.Bd3 Rad8 20.a3 a5 21.Qd1 g6 22.Qc2 Qe7
23.f4 Ne4 24.Nhf3 f5 25.Ne5 Bxe5 26.fxe5 Rf8 27.Bxe4 fxe4 28.Qb3 Qh4 29.Qxb6 Rf2
30.Qxd8+ Qxd8 31.Kxf2 Qh4+ 32.Kg1 Ba6 33.a4 Kf8 34.Nb3 Qg3 35.Nc5 Bc8 36.e6 Ke7
37.Re2 g5 38.b4 axb4 39.a5 Qb8 40.Rb2 Qb5 41.Ra1 Ba6 42.Rf2 Ke8 43.Raf1  1-0

[Event "ch-NOR Elite"]
[Site "Tonsberg NOR"]
[Date "2008.07.09"]
[Round "5"]
[White "Elsness,F"]
[Black "Skrondal,I"]
[Result "1-0"]
[WhiteElo "2429"]
[BlackElo "2189"]

1.d4 d5 2.c4 c6 3.Nf3 Nf6 4.Qc2 e6 5.Bg5 h6 6.Bh4 Be7 7.e3 O-O 8.Nc3 b6 9.O-O-O Ba6
10.Ne5 Nfd7 11.Bg3 Nxe5 12.dxe5 Qc7 13.f4 Bxc4 14.Bxc4 dxc4 15.Ne4 b5 16.f5 exf5
17.Nf6+ Bxf6 18.exf6 Qa5 19.fxg7 Re8 20.Kb1 Re4 21.Qc3 Qxc3 22.Rd8+ Kxg7
23.bxc3 Rxe3 24.Bxb8 Kg6 25.Rhd1 a5 26.Rg8+  1-0

[Event "ch-BEL"]
[Site "Eupen BEL"]
[Date "2008.07.11"]
[Round "7"]
[White "Van der Stricht,G"]
[Black "Claesen,P"]
[Result "1/2-1/2"]
[WhiteElo "2426"]
[BlackElo "2380"]

1.d4 d5 2.c4 c6 3.Nf3 Nf6 4.Qc2 g6 5.Bf4 Bf5 6.Qb3 Qb6 7.e3 Nbd7 8.Nc3 e6
9.c5 Qxb3 10.axb3 Nh5 11.b4 Nxf4 12.exf4 f6 13.Be2 Bg4 14.O-O Bh6 15.g3 Kd8
16.Rfe1 Re8 17.Nh4 Bxe2 18.Rxe2 Ke7 19.b5 Kf7 20.Nf3 Bg7 21.bxc6 bxc6 22.Ra6 Nb8
23.Ra5 Nd7 24.b4 e5 25.Rea2 exd4 26.Nxd4 f5 27.Nce2 Nb8 28.Rxa7+ Rxa7 29.Rxa7+ Re7
30.Ra8 Re4 31.Rxb8 Bxd4 32.Rb7+ Ke8 33.Kf1 Bf6 34.Rb6 Bd8 35.Rxc6 Rxb4 36.Nc3 d4
37.Nd5 Rb2 38.Re6+ Kf7 39.Rd6 Ba5 40.Rd7+ Ke6 41.Rd6+ Kf7 42.Rf6+ Kg7 43.Ra6 Rb5
44.Ra7+ Kf8 45.Ke2 Rxc5 46.Nf6 Rc2+ 47.Kd3 Rc3+ 48.Kxd4 Bb6+ 49.Kxc3 Bxa7
50.Nxh7+ Ke7 51.Kc4 Bxf2 52.Ng5 Kd6 53.Nf7+ Ke6 54.Ng5+ Kd6 55.Kd3 Ke7 56.Kc3 Ba7
57.Kc4 Kd6 58.Nf3 Ke6 59.Nd4+ Kf6 60.Nf3 Ke6 61.Kd3 Bb6 62.Ke2 Ba7 63.Kf1 Bb6
64.Ne5 g5 65.Nc4 Bd8 66.fxg5 Bxg5 67.Ke2 Kd5 68.Nd2 Bd8 69.Kf3 Bg5 70.Nf1 Kd4
71.h3 Bh6 72.Nh2 Kd3 73.Kf2 Be3+ 74.Kg2 Ke4 75.Nf3 Bc1 76.Ng1 Ke3 77.h4 Ke4
78.Nh3 Ke5 79.Kf3 Kf6 80.Nf4 Bd2 81.Ke2 Ba5 82.Ke3 Be1 83.Ke2 Ba5 84.Kf2 Bd2
85.Kf3 Ba5 86.Nd5+ Ke5 87.Ne7 Kf6 88.Nd5+ Ke5 89.Ne3 Kf6 90.Nc4 Bc7 91.Ne3 Kg6
92.Nd5 Bd6 93.Nf4+ Kf6 94.Nh3 Bb8 95.Nf2 Bc7 96.Nd3 Bb8 97.Nf4 Bd6 98.Nd5+ Ke6
99.Ne3 Kf6 100.Nc4 Bc7 101.Kg2 Kg6 102.Kh3 Kf6 103.Ne3 Bd6 104.Nd5+ Ke6 105.Nf4+ Kf6
106.Ne2 Bc7 107.Kg2 Bd6 108.Kf3 Bb8 109.Nf4 Bd6 110.Nd5+ Ke6 111.Nf4+ Kf6
112.Nh3 Bc7 113.h5 Bd6 114.Kg2 Bb8 115.Kf2 Bd6 116.Kf3 Bb8 117.Nf4 Kg5 118.Ne6+ Kxh5
119.Ng7+ Kg6 120.Nxf5 Kxf5 121.g4+ Kg5 122.Ke2 Kxg4  1/2-1/2